[Event "Kings Island op 24th"]
[Site "Blue Ash"]
[Date "2015.11.15"]
[Round "5"]
[White "Kizov, Atanas"]
[Black "Lenderman, Aleksandr"]
[Result "0-1"]
[WhiteElo "2401"]
[BlackElo "2627"]
[PlyCount "124"]
[EventDate "2015.11.13"]
[EventType "swiss"]
[EventRounds "5"]
[EventCountry "USA"]
[SourceTitle "CBM 169 Extra"]
[Source "ChessBase"]
[SourceDate "2015.12.18"]
[SourceVersion "1"]
[SourceVersionDate "2015.12.18"]
[SourceQuality "1"]

1. d4 Nf6 2. c4 e6 3. Nf3 d5 4. g3 Be7 5. Bg2 0-0 6. 0-0 dxc4 7. Qc2 a6 8. a4 Bd7 9. Qxc4 Bc6 10. Bg5 Nbd7 11. Nc3 h6 12. Bxf6 Nxf6 13. Rfd1 a5 14. Ne5 Bxg2 15. Kxg2 c6 16. Qb3 Qc7 17. e4 Bb4 18. f3 Rfd8 19. Rac1 Rac8 20. Ne2 Re8 21. Nd3 Bf8 22. Nc5 Rb8 23. Nd3 Red8 24. Ne5 Ra8 25. Nf4 Re8 26. Ne2 Rad8 27. Nd3 Nd7 28. h4 Be7 29. f4 Nf6 30. Nf2 h5 31. Ng1 g6 32. Nf3 Kg7 33. Ne5 Bb4 34. Nf3 Qb6 35. Qc4 Be7 36. b3 Qb4 37. Qxb4 Bxb4 38. Ne5 Re7 39. Kf3 Rc7 40. Rc4 Nd7 41. Ke3 Nxe5 42. fxe5 Rcc8 43. Nd3 Be7 44. Nf4 Ba3 45. Ra1 Bb4 46. Rd1 Re8 47. Nd3 Be7 48. Ne1 Rcd8 49. Nd3 Rd7 50. Nc5 Rc7 51. Nd3 Rd8 52. Nf4 Rcd7 53. Rd3 Kf8 54. Rc1 Bb4 55. Rc4 Ke8 56. Rd1 Bf8 57. Nh3 c5 58. d5 exd5 59. exd5 Rxd5 60. Rxd5 Rxd5 61. Ke4 Rd1 62. Nf4 Re1+ 0-1

[Event "EU-chT (Men) 19th"]
[Site "Warsaw"]
[Date "2013.11.15"]
[Round "7.19"]
[White "Holm, Kristian Stuvik"]
[Black "Kizov, Atanas"]
[Result "1/2-1/2"]
[WhiteElo "2281"]
[BlackElo "2413"]
[PlyCount "81"]
[EventDate "2013.11.08"]
[EventType "team-swiss"]
[EventRounds "9"]
[EventCountry "POL"]
[SourceTitle "CBM 158"]
[Source "ChessBase"]
[SourceDate "2014.01.16"]
[SourceVersion "1"]
[SourceVersionDate "2014.01.16"]
[SourceQuality "1"]
[WhiteTeam "Norway"]
[BlackTeam "Macedonia"]
[WhiteTeamCountry "NOR"]
[BlackTeamCountry "MKD"]

1. c4 e5 2. g3 Nc6 3. Bg2 Bc5 4. Nc3 d6 5. a3 a6 6. e3 Nge7 7. Nge2 Ba7 8. b4 0-0 9. 0-0 Bf5 10. d3 Qd7 11. Re1 Rab8 12. Nd5 Nxd5 13. cxd5 Ne7 14. Bb2 Bg4 15. d4 f6 16. Qd2 Qf5 17. Rac1 Rbc8 18. Nc3 Bf3 19. e4 Qh5 20. Bxf3 Qxf3 21. Qe2 Qxe2 22. Nxe2 f5 23. dxe5 fxe4 24. Bd4 Bxd4 25. Nxd4 Nxd5 26. exd6 e3 27. fxe3 cxd6 28. Rxc8 Rxc8 29. Nf5 Rc3 30. e4 Nc7 31. Nxd6 b5 32. e5 Ne6 33. a4 bxa4 34. Ra1 a3 35. b5 axb5 36. Nxb5 Rc5 37. Nxa3 Rxe5 38. Rf1 Re2 39. Rf2 Rxf2 40. Kxf2 Kf7 41. Nc4 1/2-1/2

[Event "Olympiad-40"]
[Site "Istanbul"]
[Date "2012.08.30"]
[Round "3.4"]
[White "Kizov, Atanas"]
[Black "Salih, Akar Ali Salih"]
[Result "1/2-1/2"]
[WhiteElo "2418"]
[BlackElo "2282"]
[PlyCount "68"]
[EventDate "2012.08.28"]
[EventType "team-swiss"]
[EventRounds "11"]
[EventCountry "TUR"]
[SourceTitle "CBM 151"]
[Source "ChessBase"]
[SourceDate "2012.11.13"]
[SourceVersion "1"]
[SourceVersionDate "2012.11.13"]
[SourceQuality "1"]
[WhiteTeam "Macedonia"]
[BlackTeam "Iraq"]
[WhiteTeamCountry "MKD"]
[BlackTeamCountry "IRQ"]

1. d4 Nf6 2. c4 c5 3. d5 e6 4. Nc3 exd5 5. cxd5 d6 6. e4 g6 7. h3 Bg7 8. Bd3 0-0 9. Bg5 Nbd7 10. Nf3 a6 11. a4 Rb8 12. 0-0 Qc7 13. a5 c4 14. Bc2 b5 15. axb6 Rxb6 16. Ra2 Nc5 17. Be3 Nfd7 18. Bd4 Qb8 19. Bxg7 Kxg7 20. Qd4+ Kg8 21. Nb1 Rb4 22. Qc3 Nd3 23. Bxd3 cxd3 24. Nbd2 Nc5 25. e5 Na4 26. Qxd3 dxe5 27. b3 Bf5 28. Qe3 Nb6 29. Qxe5 Qxe5 30. Nxe5 Nxd5 31. Rxa6 Bc2 32. Ra7 Bxb3 33. Nxb3 Rxb3 34. Rd1 Nf6 1/2-1/2

[Event "Ischia op 4th"]
[Site "Ischia"]
[Date "2012.07.27"]
[Round "5"]
[White "Matthiesen, Arne"]
[Black "Kizov, Atanas"]
[Result "1-0"]
[WhiteElo "2336"]
[BlackElo "2418"]
[PlyCount "105"]
[EventDate "2012.07.22"]
[EventType "swiss"]
[EventRounds "7"]
[EventCountry "ITA"]
[SourceTitle "EXT 2014"]
[Source "ChessBase"]
[SourceDate "2013.11.20"]
[SourceVersion "1"]
[SourceVersionDate "2013.11.20"]
[SourceQuality "1"]

1. d4 d5 2. c4 dxc4 3. Nf3 c5 4. d5 e6 5. Nc3 exd5 6. Qxd5 Qxd5 7. Nxd5 Bd6 8. Nd2 Nc6 9. Nxc4 Bb8 10. g3 Nge7 11. Nxe7 Kxe7 12. Bg2 Nd4 13. Ne3 Rd8 14. Bd2 Bd6 15. Rc1 Be6 16. Nc4 Bxc4 17. Rxc4 Rab8 18. e3 Ne6 19. a4 b6 20. Ke2 Be5 21. Rb1 a5 22. f4 Bf6 23. Be4 h6 24. Bd3 Nc7 25. e4 Bd4 26. b4 axb4 27. Bxb4 cxb4 28. Rxc7+ Rd7 29. Rxd7+ Kxd7 30. Bb5+ Ke7 31. Rxb4 Bc5 32. Rc4 Rc8 33. h4 f6 34. Kf3 Rc7 35. e5 Ke6 36. Ke4 f5+ 37. Kf3 g6 38. Rc2 Kf7 39. h5 gxh5 40. Rh2 Bf8 41. Rxh5 Rc3+ 42. Kg2 Ke6 43. Be8 Rc2+ 44. Kh3 Rc1 45. Bg6 Rh1+ 46. Kg2 Rxh5 47. Bxh5 Ba3 48. Bg6 Bc1 49. Kf3 Bd2 50. Bh7 Bc1 51. Bg8+ Ke7 52. Bd5 h5 53. Bg8 1-0

[Event "FRM-chT 21st"]
[Site "Struga"]
[Date "2012.07.16"]
[Round "1.2"]
[White "Ilic, Mihajlo"]
[Black "Kizov, Atanas"]
[Result "1/2-1/2"]
[WhiteElo "2183"]
[BlackElo "2418"]
[PlyCount "82"]
[EventDate "2012.07.16"]
[EventType "team-tourn"]
[EventRounds "7"]
[EventCountry "MKD"]
[SourceTitle "CBM 149 Extra"]
[Source "ChessBase"]
[SourceDate "2012.08.24"]
[SourceVersion "1"]
[SourceVersionDate "2012.08.24"]
[SourceQuality "1"]
[WhiteTeam "Skopje Karposh"]
[BlackTeam "Skopje Kisela Voda"]
[WhiteTeamCountry "MKD"]
[BlackTeamCountry "MKD"]

1. e4 d6 2. d4 Nf6 3. Nc3 e5 4. Nf3 Nbd7 5. Bc4 Be7 6. 0-0 0-0 7. a4 a5 8. b3 c6 9. Bb2 exd4 10. Qxd4 Nc5 11. h3 Be6 12. Rad1 Bxc4 13. Qxc4 Qb6 14. Rfe1 Rad8 15. Qd4 Qb4 16. Qe3 Rfe8 17. Nd2 Qb6 18. Nc4 Qc7 19. Qg3 Bf8 20. f3 Nh5 21. Qh4 g6 22. Rd2 Be7 23. Qf2 Bg5 24. Rdd1 Ne6 25. Ne2 d5 26. Be5 Qe7 27. exd5 cxd5 28. Nb6 d4 29. Nxd4 Nxd4 30. Rxd4 Rxd4 31. Qxd4 Bf4 32. Nd5 Qh4 33. Re4 Bxe5 34. Rxh4 Bxd4+ 35. Rxd4 Re2 36. c3 Ng3 37. Rg4 Nf5 38. Re4 Rb2 39. b4 axb4 40. Rxb4 Rd2 41. Nf6+ Kg7 1/2-1/2

[Event "FRA-chT1A 1112"]
[Site "France"]
[Date "2011.12.10"]
[Round "4.3"]
[White "Kizov, Atanas"]
[Black "Sorbe, Stephane"]
[Result "1-0"]
[WhiteElo "2408"]
[BlackElo "2368"]
[PlyCount "87"]
[EventDate "2011.10.16"]
[EventType "team-tourn"]
[EventRounds "11"]
[EventCountry "FRA"]
[SourceTitle "EXT 2013"]
[Source "ChessBase"]
[SourceDate "2012.11.22"]
[SourceVersion "1"]
[SourceVersionDate "2012.11.22"]
[SourceQuality "1"]
[WhiteTeam "La Membrolle Choisille"]
[BlackTeam "Clichy"]
[WhiteTeamCountry "FRA"]
[BlackTeamCountry "FRA"]

1. d4 d5 2. c4 c6 3. cxd5 cxd5 4. Bf4 Nf6 5. Nc3 Nc6 6. e3 a6 7. Bd3 b5 8. Rc1 Bb7 9. h3 e6 10. Nf3 Be7 11. 0-0 0-0 12. a4 b4 13. Nb1 Rc8 14. Nbd2 Na5 15. Qe2 Qb6 16. Ne5 Rfd8 17. Bg5 Rxc1 18. Rxc1 Rc8 19. Rxc8+ Bxc8 20. Bxh7+ Kf8 21. Bd3 b3 22. Qd1 Ke8 23. Bxf6 gxf6 24. Nxf7 Qb4 25. Bg6 Kd7 26. h4 Nc4 27. Nxb3 Nxb2 28. Qc2 Qe1+ 29. Kh2 Nc4 30. g3 Bb4 31. Kg2 Ke7 32. h5 e5 33. dxe5 fxe5 34. Ng5 Bg4 35. Nf3 Bxf3+ 36. Kxf3 Qh1+ 37. Kg4 e4 38. Kg5 Kf8 39. Nd4 Be7+ 40. Kh6 Qh3 41. Bf5 Qh2 42. Qb3 Kf7 43. Be6+ Kf6 44. Qb8 1-0

[Event "Crema op 13th"]
[Site "Crema"]
[Date "2011.09.03"]
[Round "4"]
[White "Kizov, Atanas"]
[Black "Ljubisavljevic, Zivojin Z"]
[Result "1-0"]
[WhiteElo "2406"]
[BlackElo "2221"]
[PlyCount "89"]
[EventDate "2011.09.02"]
[EventType "swiss"]
[EventRounds "6"]
[EventCountry "ITA"]
[SourceTitle "EXT 2022"]
[Source "ChessBase"]
[SourceDate "2021.10.06"]
[SourceVersion "1"]
[SourceVersionDate "2021.10.06"]
[SourceQuality "1"]

1. d4 d5 2. c4 c6 3. Nf3 Nf6 4. Qc2 e6 5. g3 Be7 6. Bg2 0-0 7. 0-0 Nbd7 8. Nbd2 Re8 9. e4 dxe4 10. Nxe4 Nxe4 11. Qxe4 Nb6 12. Qe2 a5 13. Rd1 a4 14. h4 Nd7 15. h5 Nf8 16. Bg5 h6 17. Bxe7 Rxe7 18. c5 Bd7 19. Ne5 Be8 20. Nc4 Nh7 21. Nb6 Ra6 22. a3 Rxb6 23. cxb6 Qxb6 24. Qc2 Qa6 25. Qc5 Rd7 26. Bf1 Qa8 27. Rac1 Nf6 28. Bg2 Nd5 29. Qc2 f5 30. Qe2 Bf7 31. Rc5 Nf6 32. Bf3 Qd8 33. Qe5 Re7 34. Ra5 Bxh5 35. Bxh5 Nxh5 36. Rxa4 Nf6 37. Ra7 Ng4 38. Qa5 Qd6 39. Ra8+ Kh7 40. Qd8 Qxd8 41. Rxd8 e5 42. dxe5 Nxe5 43. R1d6 Ng4 44. Rb8 b5 45. Rxc6 1-0

[Event "Crema op 13th"]
[Site "Crema"]
[Date "2011.09.03"]
[Round "3"]
[White "Mussap, Angelo"]
[Black "Kizov, Atanas"]
[Result "0-1"]
[WhiteElo "2036"]
[BlackElo "2406"]
[PlyCount "49"]
[EventDate "2011.09.02"]
[EventType "swiss"]
[EventRounds "6"]
[EventCountry "ITA"]
[SourceTitle "EXT 2022"]
[Source "ChessBase"]
[SourceDate "2021.10.06"]
[SourceVersion "1"]
[SourceVersionDate "2021.10.06"]
[SourceQuality "1"]

1. e4 c5 2. Nf3 e6 3. d4 cxd4 4. Nxd4 a6 5. Be2 Nf6 6. Bf3 Qc7 7. 0-0 d6 8. b3 Nbd7 9. Bg5 Be7 10. Nd2 Ne5 11. Be2 Ng6 12. c4 b6 13. Rc1 Bb7 14. Qc2 Rc8 15. Qd3 h6 16. Be3 Ne5 17. Qb1 Nfg4 18. h3 Nxe3 19. fxe3 0-0 20. Rf2 Nd7 21. N4f3 Ba8 22. Nf1 Ne5 23. Nd4 Bh4 24. c5 Bxf2+ 25. Kxf2 0-1

[Event "Crema op 13th"]
[Site "Crema"]
[Date "2011.09.02"]
[Round "1"]
[White "Tagliaferri, Valerio"]
[Black "Kizov, Atanas"]
[Result "0-1"]
[WhiteElo "1850"]
[BlackElo "2406"]
[PlyCount "125"]
[EventDate "2011.09.02"]
[EventType "swiss"]
[EventRounds "6"]
[EventCountry "ITA"]
[SourceTitle "EXT 2022"]
[Source "ChessBase"]
[SourceDate "2021.10.06"]
[SourceVersion "1"]
[SourceVersionDate "2021.10.06"]
[SourceQuality "1"]

1. d4 Nf6 2. g3 g6 3. Bg2 Bg7 4. e4 d6 5. c4 0-0 6. Nc3 Nc6 7. Nge2 e5 8. d5 Nd4 9. 0-0 Re8 10. Bg5 h6 11. Be3 Nxe2+ 12. Qxe2 Ng4 13. Bd2 f5 14. f3 Nf6 15. b4 Bd7 16. Rab1 Qe7 17. Rfc1 h5 18. Bg5 Qf8 19. Qd2 Nh7 20. Be3 Rec8 21. c5 h4 22. Bh3 hxg3 23. hxg3 Nf6 24. Kg2 Nh5 25. Rf1 Nxg3 26. Kxg3 f4+ 27. Kg2 Bxh3+ 28. Kxh3 fxe3 29. Qxe3 Bh6 30. Qf2 Qf6 31. Qh4 Qxh4+ 32. Kxh4 Bd2 33. Ne2 Kg7 34. Rfd1 Be3 35. Rd3 Bf2+ 36. Kh3 dxc5 37. Kg2 Bd4 38. bxc5 Bxc5 39. Rxb7 Rab8 40. Rbb3 Kf6 41. f4 exf4 42. Nxf4 Ke5 43. Ne6 Rxb3 44. axb3 Bb6 45. Kf3 Rh8 46. Ng5 Rf8+ 47. Kg4 Rf4+ 48. Kg3 Rf1 49. Kg4 Rg1+ 50. Kh4 Bf2+ 51. Kh3 Rxg5 52. d6 cxd6 53. Rd5+ Kf4 54. Rxd6 Kxe4 55. Rf6 Bb6 56. Kh4 Rg1 57. Kh3 Kd4 58. Kh2 Rg5 59. Kh3 Kc3 60. Kh4 Rg1 61. Rf3+ Kb4 62. Kh3 g5 63. Kh2 0-1

[Event "FRM-chT 20th"]
[Site "Struga"]
[Date "2011.08.14"]
[Round "7"]
[White "Gochev, Mladen"]
[Black "Kizov, Atanas"]
[Result "0-1"]
[WhiteElo "2292"]
[BlackElo "2393"]
[PlyCount "70"]
[EventDate "2011.08.08"]
[EventType "team-tourn"]
[EventRounds "7"]
[EventCountry "MKD"]
[SourceTitle "CBM 143 Extra"]
[Source "ChessBase"]
[SourceDate "2011.08.29"]
[SourceVersion "1"]
[SourceVersionDate "2011.08.29"]
[SourceQuality "1"]
[WhiteTeam "Kochani"]
[BlackTeam "Skopje Aseko See"]
[WhiteTeamCountry "MKD"]
[BlackTeamCountry "MKD"]

1. c4 Nf6 2. Nc3 g6 3. g3 Bg7 4. Bg2 0-0 5. d3 d6 6. Nf3 e5 7. 0-0 Nc6 8. Rb1 a5 9. a3 Nd4 10. b4 axb4 11. axb4 Bg4 12. Nxd4 exd4 13. Nb5 Ra2 14. Nxd4 Nd5 15. Bxd5 Bxd4 16. Bf3 Bxf3 17. exf3 Re8 18. Be3 Bxe3 19. fxe3 Rxe3 20. Rf2 Ra3 21. Rd2 Qf6 22. Kg2 Qf5 23. c5 Rexd3 24. Rxd3 Rxd3 25. Qe2 Qd5 26. Rb2 h5 27. Rc2 Kg7 28. cxd6 cxd6 29. h4 b5 30. Qf1 Rd2+ 31. Rxd2 Qxd2+ 32. Kh3 Qxb4 33. Qa1+ Kh7 34. Qf6 Qc4 35. g4 Qe6 0-1

[Event "FRM-chT 20th"]
[Site "Struga"]
[Date "2011.08.10"]
[Round "3"]
[White "Kizov, Atanas"]
[Black "Colovic, Aleksandar"]
[Result "1/2-1/2"]
[WhiteElo "2393"]
[BlackElo "2450"]
[PlyCount "114"]
[EventDate "2011.08.08"]
[EventType "team-tourn"]
[EventRounds "7"]
[EventCountry "MKD"]
[SourceTitle "CBM 143 Extra"]
[Source "ChessBase"]
[SourceDate "2011.08.29"]
[SourceVersion "1"]
[SourceVersionDate "2011.08.29"]
[SourceQuality "1"]
[WhiteTeam "Skopje Aseko See"]
[BlackTeam "Skopje Alkaloid"]
[WhiteTeamCountry "MKD"]
[BlackTeamCountry "MKD"]

1. d4 Nf6 2. c4 g6 3. Nc3 d5 4. Nf3 Bg7 5. Qa4+ Bd7 6. Qb3 dxc4 7. Qxc4 0-0 8. Bf4 Na6 9. e4 c5 10. e5 Be6 11. exf6 Bxc4 12. fxg7 Kxg7 13. Bxc4 Qb6 14. 0-0-0 Qb4 15. Bxa6 bxa6 16. a3 Qa5 17. d5 c4 18. Rhe1 Rfe8 19. Re4 Qb6 20. Bg3 Rac8 21. Rde1 e6 22. dxe6 Rxe6 23. Rxe6 fxe6 24. Ng5 h6 25. Nxe6+ Kh7 26. Nf4 Rb8 27. Re7+ Kg8 28. Re2 Rb7 29. Nfd5 Qd4 30. Be5 Qd3 31. h3 g5 32. Nf6+ Kf7 33. Nfe4 Re7 34. Bg3 Kg6 35. Re1 Qd8 36. Rd1 Rd7 37. Nd6 Qb6 38. Nce4 Qa5 39. f3 Rc7 40. Nc3 Rc6 41. Nde4 Re6 42. Rd7 Qb6 43. Bf2 Qb8 44. Bd4 Qh2 45. Rg7+ Kh5 46. g4+ Kh4 47. Bf2+ Kxh3 48. Nxg5+ Kg2 49. Nxe6 Kxf2 50. Nd4 Qf4+ 51. Kb1 Qxd4 52. Rf7 Qd3+ 53. Kc1 Ke3 54. Nd1+ Ke2 55. Nc3+ Ke3 56. Nd1+ Ke2 57. Nc3+ Ke3 1/2-1/2

[Event "Campobasso op 18th"]
[Site "Campobasso "]
[Date "2011.07.23"]
[Round "4"]
[White "Gromovs, Sergejs"]
[Black "Kizov, Atanas"]
[Result "1/2-1/2"]
[WhiteElo "2303"]
[BlackElo "2393"]
[PlyCount "59"]
[EventDate "2011.08.06"]
[EventType "swiss"]
[EventRounds "6"]
[EventCountry "ITA"]
[SourceTitle "EXT 2014"]
[Source "ChessBase"]
[SourceDate "2013.11.20"]
[SourceVersion "1"]
[SourceVersionDate "2013.11.20"]
[SourceQuality "1"]

1. c4 e5 2. Nc3 Nc6 3. g3 Bc5 4. Bg2 d6 5. a3 a6 6. b4 Ba7 7. e3 Nge7 8. Nge2 0-0 9. 0-0 Bf5 10. d3 Qd7 11. Nd5 Nxd5 12. cxd5 Ne7 13. e4 Bh3 14. Be3 Bxg2 15. Kxg2 Bxe3 16. fxe3 f5 17. Rc1 fxe4 18. Rxf8+ Rxf8 19. dxe4 Qg4 20. Nc3 Qg6 21. Qe2 h6 22. a4 Rf7 23. Rf1 Kh7 24. Rxf7 Qxf7 25. Qg4 Ng8 26. Qc8 Nf6 27. Qf5+ Qg6 28. Kf3 h5 29. Qc8 Qf7 30. Ke2 1/2-1/2

[Event "Livorno op 7th"]
[Site "Livorno"]
[Date "2011.07.02"]
[Round "2"]
[White "Annoni, Riccardo"]
[Black "Kizov, Atanas"]
[Result "1/2-1/2"]
[WhiteElo "2068"]
[BlackElo "2393"]
[PlyCount "143"]
[EventDate "2011.07.01"]
[EventType "swiss"]
[EventRounds "5"]
[EventCountry "ITA"]
[SourceTitle "EXT 2014"]
[Source "ChessBase"]
[SourceDate "2013.11.20"]
[SourceVersion "1"]
[SourceVersionDate "2013.11.20"]
[SourceQuality "1"]

1. d4 Nf6 2. Bg5 c5 3. d5 Qb6 4. Nc3 Qxb2 5. Bd2 Qb6 6. Rb1 Qd8 7. e4 d6 8. f4 g6 9. Bc4 Bg7 10. Nf3 0-0 11. 0-0 Nfd7 12. Qe1 Nb6 13. Be2 e6 14. a4 exd5 15. exd5 Re8 16. Qf2 f5 17. Kh1 Na6 18. Bb5 Re7 19. Ng5 Nc7 20. Rfe1 h6 21. Rxe7 Qxe7 22. Re1 Qf6 23. Nf3 Bd7 24. Bxd7 Nxd7 25. Nb5 Nxb5 26. axb5 Nf8 27. Qe3 a5 28. bxa6 Rxa6 29. Qb3 Qf7 30. h4 Ra8 31. c4 Ra1 32. Rxa1 Bxa1 33. Qb6 Bf6 34. Qxd6 Qe7 35. Qxe7 Bxe7 36. g3 Bf6 37. Ne5 g5 38. hxg5 hxg5 39. Kg2 g4 40. Ba5 Nh7 41. Nd7 Kf7 42. Ne5+ Ke8 43. Ng6 Be7 44. Bb6 Nf6 45. Nxe7 Kxe7 46. Bxc5+ Kd7 47. Bb4 Ne4 48. c5 Nf6 49. d6 Ne4 50. Ba3 Kc6 51. Bb4 b6 52. cxb6 Kxb6 53. Ba3 Kc6 54. Bb4 Nf6 55. Ba3 Ne4 56. Bb4 Kd7 57. Ba3 Ke6 58. Bb4 Nf6 59. Ba3 Nd7 60. Kf2 Nf6 61. Bb4 Ne4+ 62. Kg2 Nxd6 63. Bxd6 Kxd6 64. Kf2 Kd5 65. Ke3 Kc4 66. Ke2 Kc3 67. Ke3 Kc4 68. Ke2 Kd4 69. Kd2 Ke4 70. Ke2 Kd4 71. Kd2 Ke4 72. Ke2 1/2-1/2

[Event "Bisaccia op 3rd"]
[Site "Bisaccia"]
[Date "2011.06.02"]
[Round "1"]
[White "Colucci, Stefano"]
[Black "Kizov, Atanas"]
[Result "0-1"]
[WhiteElo "1925"]
[BlackElo "2392"]
[PlyCount "72"]
[EventDate "2011.06.08"]
[EventType "swiss"]
[EventRounds "7"]
[EventCountry "ITA"]
[SourceTitle "EXT 2014"]
[Source "ChessBase"]
[SourceDate "2013.11.20"]
[SourceVersion "1"]
[SourceVersionDate "2013.11.20"]
[SourceQuality "1"]

1. d4 Nf6 2. c4 g6 3. Nc3 Bg7 4. e4 d6 5. f3 0-0 6. Be3 c6 7. Qd2 a6 8. Nge2 b5 9. Nc1 Nbd7 10. Bd3 e5 11. N1e2 bxc4 12. Bxc4 d5 13. Bd3 dxe4 14. Bxe4 Nxe4 15. fxe4 exd4 16. Bxd4 Qh4+ 17. Ng3 Nf6 18. Bxf6 Qxf6 19. Nce2 Qxb2 20. Qxb2 Bxb2 21. Rb1 Rb8 22. 0-0 Be6 23. a4 Ba2 24. Rbe1 a5 25. Nc1 Bc4 26. Rf3 Bd4+ 27. Kh1 Rb1 28. Nf1 Ra1 29. Nd2 Be6 30. Ndb3 Bxb3 31. Rxb3 Rxa4 32. Nd3 Ra2 33. g3 a4 34. Rb7 Rd2 35. Nc1 a3 36. Nb3 Rb2 0-1

[Event "Skopje Karposh op"]
[Site "Skopje"]
[Date "2011.04.05"]
[Round "5"]
[White "Drenchev, Petar"]
[Black "Kizov, Atanas"]
[Result "1-0"]
[WhiteElo "2517"]
[BlackElo "2399"]
[PlyCount "49"]
[EventDate "2011.04.02"]
[EventType "swiss"]
[EventRounds "9"]
[EventCountry "MKD"]
[SourceTitle "CBM 141 Extra"]
[Source "ChessBase"]
[SourceDate "2011.05.03"]
[SourceVersion "1"]
[SourceVersionDate "2011.05.03"]
[SourceQuality "1"]

1. Nf3 d5 2. c4 dxc4 3. e3 Be6 4. Na3 Nf6 5. Nxc4 Bd5 6. Be2 e6 7. 0-0 Be7 8. b3 c5 9. Bb2 0-0 10. Rc1 Nbd7 11. d3 b6 12. Rc2 Rc8 13. Qa1 Qc7 14. Rfc1 Qb8 15. a3 Rfd8 16. Bc3 Nf8 17. e4 Bb7 18. b4 Ng6 19. Nce5 Nf4 20. Bf1 Ba6 21. Ne1 c4 22. Nxc4 Nxd3 23. Bxd3 Bxc4 24. Be5 Bxd3 25. Rxc8 1-0

[Event "Skopje Karposh op"]
[Site "Skopje"]
[Date "2011.04.03"]
[Round "2"]
[White "Kizov, Atanas"]
[Black "Hera, Imre Jr"]
[Result "0-1"]
[WhiteElo "2399"]
[BlackElo "2565"]
[PlyCount "42"]
[EventDate "2011.04.02"]
[EventType "swiss"]
[EventRounds "9"]
[EventCountry "MKD"]
[SourceTitle "CBM 141 Extra"]
[Source "ChessBase"]
[SourceDate "2011.05.03"]
[SourceVersion "1"]
[SourceVersionDate "2011.05.03"]
[SourceQuality "1"]

1. d4 Nf6 2. c4 e6 3. Nf3 d5 4. g3 Bb4+ 5. Bd2 Be7 6. Bg2 0-0 7. 0-0 Nbd7 8. Qc2 c6 9. Rd1 a5 10. Bf4 b5 11. c5 Nh5 12. Ne5 Nxe5 13. dxe5 Qc7 14. Qc3 f6 15. Nd2 g5 16. Qf3 Nxf4 17. exf6 Bxf6 18. gxf4 Bxb2 19. Rab1 Bg7 20. Qh5 Qxf4 21. Nf3 g4 0-1

[Event "St Eufemia d'Aspromonte op 4th"]
[Site "St Eufemia d'Aspromonte"]
[Date "2011.01.03"]
[Round "3"]
[White "Kizov, Atanas"]
[Black "Petkov, Vladimir"]
[Result "1/2-1/2"]
[WhiteElo "2392"]
[BlackElo "2506"]
[PlyCount "20"]
[EventDate "2011.01.02"]
[EventType "swiss"]
[EventRounds "9"]
[EventCountry "ITA"]
[SourceTitle "CBM 140 Extra"]
[Source "ChessBase"]
[SourceDate "2011.03.01"]
[SourceVersion "1"]
[SourceVersionDate "2011.03.01"]
[SourceQuality "1"]

1. d4 Nf6 2. c4 e6 3. Nf3 d5 4. g3 dxc4 5. Qa4+ c6 6. Qxc4 b5 7. Qc2 Bb7 8. Bg2 Nbd7 9. a4 a6 10. 0-0 c5 1/2-1/2

[Event "Padova op-A 13th"]
[Site "Padova"]
[Date "2010.12.12"]
[Round "1.11"]
[White "Bozzao, Francesco"]
[Black "Kizov, Atanas"]
[Result "0-1"]
[WhiteElo "1881"]
[BlackElo "2374"]
[PlyCount "62"]
[EventDate "2010.12.12"]
[EventType "swiss"]
[EventRounds "9"]
[EventCountry "ITA"]
[SourceTitle "EXT 2024"]
[Source "ChessBase"]
[SourceDate "2023.10.10"]
[SourceVersion "1"]
[SourceVersionDate "2023.10.10"]
[SourceQuality "1"]

1. e4 e5 2. Nf3 Nc6 3. Bb5 a6 4. Ba4 Nf6 5. 0-0 b5 6. Bb3 Bb7 7. d3 Bd6 8. c3 0-0 9. Re1 h6 10. Nbd2 Re8 11. Nf1 Bf8 12. Ng3 Na5 13. Bc2 c5 14. a4 d5 15. exd5 Qxd5 16. axb5 axb5 17. Ne4 Nd7 18. Bd2 b4 19. c4 Qe6 20. Ba4 Bc6 21. b3 g6 22. Bxc6 Nxc6 23. Qc1 f5 24. Ng3 Kh7 25. h3 Bg7 26. Rxa8 Rxa8 27. Qc2 Qd6 28. Kf1 Nf8 29. Rb1 Ne6 30. Ne2 Rd8 31. Ne1 e4 0-1

[Event "Padova op-A 13th"]
[Site "Padova"]
[Date "2010.12.06"]
[Round "6.8"]
[White "Kizov, Atanas"]
[Black "Zuttioni, Federico"]
[Result "1-0"]
[WhiteElo "2374"]
[BlackElo "1968"]
[PlyCount "58"]
[EventDate "2010.12.12"]
[EventType "swiss"]
[EventRounds "9"]
[EventCountry "ITA"]
[SourceTitle "EXT 2024"]
[Source "ChessBase"]
[SourceDate "2023.10.10"]
[SourceVersion "1"]
[SourceVersionDate "2023.10.10"]
[SourceQuality "1"]

1. d4 d5 2. c4 e6 3. Nf3 Nf6 4. g3 Nbd7 5. Bg2 Bb4+ 6. Bd2 Be7 7. 0-0 Ne4 8. Bf4 0-0 9. Qc2 c6 10. Rd1 g5 11. Bc1 f5 12. b3 f4 13. Rf1 Qc7 14. Nfd2 Nef6 15. Ba3 Bxa3 16. Nxa3 Qb6 17. Qc3 c5 18. dxc5 Nxc5 19. Qe5 h6 20. Nb5 Bd7 21. Nc3 Rae8 22. cxd5 exd5 23. Qd4 Be6 24. Nxd5 Nxd5 25. Bxd5 Rd8 26. Bxe6+ Qxe6 27. Qxc5 Rxd2 28. Rfe1 Rxe2 29. Rxe2 Qxe2 1-0

[Event "EU-Cup 26th"]
[Site "Plovdiv"]
[Date "2010.10.21"]
[Round "5.4"]
[White "Mikhalevski, Victor"]
[Black "Kizov, Atanas"]
[Result "1-0"]
[WhiteElo "2610"]
[BlackElo "2389"]
[PlyCount "60"]
[EventDate "2010.10.17"]
[EventType "team-swiss"]
[EventRounds "7"]
[EventCountry "BUL"]
[SourceTitle "CBM 139"]
[Source "ChessBase"]
[SourceDate "2010.11.18"]
[SourceVersion "1"]
[SourceVersionDate "2010.11.18"]
[SourceQuality "1"]
[WhiteTeam "Ashdod Elite"]
[BlackTeam "Skopje"]
[WhiteTeamCountry "ISR"]
[BlackTeamCountry "MKD"]

1. d4 Nf6 2. c4 e6 3. g3 d5 4. Bg2 dxc4 5. Nf3 c5 6. 0-0 Nc6 7. Ne5 Bd7 8. Na3 cxd4 9. Naxc4 Be7 10. Qb3 Qc7 11. Nxc6 Bxc6 12. Bf4 Qd8 13. Bxc6+ bxc6 14. Qa4 0-0 15. Qxc6 Rc8 16. Qa4 Qd5 17. Rac1 Qh5 18. f3 Nd5 19. Bd2 Bc5 20. Kg2 Rc7 21. Qb3 Rfc8 22. a3 h6 23. Qd3 Nb6 24. Bf4 e5 25. g4 Nd5 26. Bxe5 Qg5 27. Kh1 Re7 28. f4 Qh4 29. Nd6 Ne3 30. Nxc8 Re6 1-0